Представление документа в формате RUSMARC

ПолеНазваниеЗначение
  Тип записи a
  Библиографический уровень m
001 Контрольный номер RU/SLIB/B/208776054
005 Дата корректировки 20201206204322.0
010 Индекс ISBN __
d Цена 0-57
101 Язык документа __
a Язык текста rus
200 Заглавие и сведения об ответственности __
a Заглавие Чапаев
f Первые сведения об ответственности Д. А. Фурманов
b Общее обозначение материала Текст
210 Выходные данные __
a Место издания Л.
c Издательство Худож. лит.
d Дата издания 1977
215 Физическое описание __
a Объем 285 с.
600 Персоналии __
a Персоналии (Фамилия) Чапаев, В. И.
606 Тематические рубрики __
a Основная рубрика Художественная литература
z Хронологическая подрубрика 20 в.
y Географическая подрубрика Россия
606 Тематические рубрики __
a Основная рубрика Русская литература XX в. (произведения)
610 Ключевые слова __
a Ключевые слова писатели; проза; прозаики; романы; Гражданская война; комдивы; персоналии
686 Индексы других классификаций __
a Классификационный индекс 84(2Рос=Рус)6-4
700 Автор __
a Фамилия Фурманов
b Имя Д. А.
g Полное личное имя Дмитрий Андреевич
4 Код отношения 070
801 Источник записи _0
a Страна RU
b Организация Муниципальное бюджетное учреждение культуры "Централизованная библиотечная система" г. Сургут (Центральная городская библиотека им. А. С. Пушкина)
g Правила каталогизации КиК/Лебедева
801 Источник записи _1
a Страна RU
b Организация Муниципальное бюджетное учреждение культуры "Централизованная библиотечная система" г. Сургут (Центральная городская библиотека им. А. С. Пушкина)
g Правила каталогизации КиК/Лебедева
852 Данные о местонахождении __
j Шифр хранения 84(2Рос=Рус)6-4
i Авторский знак Ф 95
p Инвентарный номер 78444(с)
901 Тип документа __
t Тип документа m
990 Данные о заказе (DOS) __
j Количество экземпляров (DOS) 1
t N записи в КСУ для И/У (DOS) ретро